00927cam a2200253 a 45000010005000000030008000050050017000130080039000300200015000690350036000840400032001200410008001520820020001601000023001802450073002032600038002763000040003145000088003545040066004425200092005085260013006006500030006136510030006431634BD-RjUL20211208233357.0131208s1999 bg ab b 001 0 eng z984051466X a(DLC) 99952830a(BD-RjUL)1661 aDLCcDLCdDLCdBD-RjULbeng aeng00a954.92221bKHM1 aKhan, Abdul Mabud.14aThe Maghs :ba Buddhist community in Bangladesh /cAbdul Mabud Khan. aDhaka :bUniversity Press,c1999. axiv, 232 p. :bill., maps ;c22 cm. aOriginally presented as the author's thesis (Ph. D.--University of Calcutta, 1993). aIncludes bibliographical references (p. [207]-221) and index. aStudy covering history, socio-economic, and cultural life of Magh people of Bangladesh. bReligion 0aMagh (South Asian people) 0aBangladeshxCivilization.